Teatro de resistencia : (Record no. 197826)

MARC details
000 -LEADER
campo de control de longitud fija 01377nam a2200361 i 4500
001 - NÚMERO DE CONTROL
campo de control 197826
003 - IDENTIFICADOR DE NÚMERO DE CONTROL
campo de control ES-MaACL
005 - FECHA Y HORA DE LA ÚLTIMA TRANSACCIÓN
campo de control 20251022142618.0
007 - CAMPO FIJO DE DESCRIPCIÓN FÍSICA--INFORMACIÓN GENERAL
campo de control de longitud fija ta
008 - DATOS DE LONGITUD FIJA--INFORMACIÓN GENERAL
campo de control de longitud fija 250919s2025 sp a|||| |||| 000 0 spa d
017 ## - NÚMERO DE COPYRIGHT O DE DEPÓSITO LEGAL
Número de copyright o de depósito legal M 11592-2025
Agencia que asigna Oficina Depósito Legal Madrid
020 ## - NÚMERO INTERNACIONAL ESTÁNDAR DEL LIBRO
Número Internacional Estándar del Libro 978-84-9041-535-1
024 7# - IDENTIFICADOR DE OTROS ESTÁNDARES
Número estándar o código NIPO 193-25-068-4
040 ## - FUENTE DE CATALOGACIÓN
Lengua de catalogación spa
Centro/agencia transcriptor ES-MaACL
080 ## - NÚMERO DE LA CLASIFICACIÓN DECIMAL UNIVERSAL
Número de la Clasificación Decimal Universal 821.134.2 Olmo, Lauro 1.07
080 ## - NÚMERO DE LA CLASIFICACIÓN DECIMAL UNIVERSAL
Número de la Clasificación Decimal Universal 821.134.2 Enciso, Pilar
245 00 - MENCIÓN DEL TÍTULO
Título Teatro de resistencia :
Resto del título Lauro Olmo, Pilar Enciso
264 #1 - PRODUCCIÓN, PUBLICACIÓN, DISTRIBUCIÓN, FABRICACIÓN Y COPYRIGHT
Producción, publicación, distribución, fabricación y copyright [Madrid] :
Nombre del de productor, editor, distribuidor, fabricante CDAEM,
Fecha de producción, publicación, distribución, fabricación o copyright D.L. 2025
300 ## - DESCRIPCIÓN FÍSICA
Extensión 309 páginas :
Otras características físicas ilustraciones ;
Dimensiones 22 cm
336 ## - TIPO DE CONTENIDO
Fuente rdacontent
Término de tipo de contenido Texto
337 ## - TIPO DE MEDIO
Fuente rdamedia
Nombre/término del tipo de medio sin mediación
338 ## - TIPO DE SOPORTE
Fuente rdacarrier
Nombre/término del tipo de soporte volumen
500 ## - NOTA GENERAL
Nota general Ejemplar dedicado y firmado por sus autores
504 ## - NOTA DE BIBLIOGRAFÍA, ETC.
Nota de bibliografía, etc. Bibliografía: páginas 301-308
600 17 - PUNTO DE ACCESO ADICIONAL DE MATERIA--NOMBRE DE PERSONA
9 (RLIN) 140977
Nombre de persona Olmo, Lauro,
Fechas asociadas al nombre 1922-1994-
Subdivisión general Crítica e interpretación
600 14 - PUNTO DE ACCESO ADICIONAL DE MATERIA--NOMBRE DE PERSONA
9 (RLIN) 47189
Nombre de persona Enciso, Pilar,
Fechas asociadas al nombre 1926-2008
710 2# - ENTRADA AGREGADA--NOMBRE DE ENTIDAD CORPORATIVA
9 (RLIN) 242275
Nombre de entidad corporativa o nombre de jurisdicción como elemento de entrada Centro de Documentación de las Artes Escénicas y de la Música (España)
Término indicativo de función/relación entidad responsable
852 ## - LOCALIZACIÓN
Ubicación ES-MaACL
Ubicación en estantería Depósito 1
Número de control de estantería A-15799
Encuadernación Encuadernación rústica con solapas
Nota libre Dedicatoria autógrafa de los autores
itemnumber 206804
Donativo/Legado Donación: equipo del CDAEM
942 ## - ELEMENTOS DE ENTRADA SECUNDARIOS (KOHA)
Tipo de ítem Koha Libro impreso
Suprimir en OPAC No
Holdings
Estatus retirado Estado de pérdida Fuente del sistema de clasificación o colocación Estado de daño No para préstamo Biblioteca de origen Biblioteca actual Ubicación en estantería Fecha de adquisición Fuente de adquisición Total de préstamos Signatura topográfica completa Código de barras Visto por última vez Precio de reemplazo Tipo de ítem Koha
    Clasificación decimal universal     Biblioteca del Ateneo de Madrid Biblioteca del Ateneo de Madrid Depósito 1 16/09/2025 Donación   A-15799 2025-1204 19/09/2025 19/09/2025 Libro impreso